000 00490nam a2200157 i 4500
001 186421
003 ES-MaACL
005 20230906222651.0
008 161111s1917 xxk |||| | spa d
245 0 0 _aPara la salvaguardia del obrero británico.
260 _aLondres :
_b[s.n.],
_c1917.
300 _a22 p., [7] h. de lám. ;
_c22 cm.
650 4 _aAsistencia sanitaria-
_zGran Bretaña.
_9161192
650 4 _aAsistencia social-
_zGran Bretaña.
_9161193
852 _aES-MaACL
_j1577-F-27
999 _c186421
_d186421